00493nam a2200181Ia 4500008004100000020001500041082000800056100002700064245001900091250000600110260002400116300001000140500002400150650002300174942000700197952009000204999001700294230524s9999 xx 000 0 und d a8172245173 bEAS aEknath Easwaran941747 0aGandhi the Man a1 aMumbaibJaicoc2015 a213p; aQuantity Number: 1 aMisalliance941748 cBK 00104070aTATCLbTATCLcGENd2023-05-24l0o EASp53428r2023-05-24w2023-05-24yBK c56197d56197